000 00851nam a2200217 a 4500
001 1540
003 BR-CuiBMT
005 20231214220116.0
008 231214s2013 dfb 000 0 por d
040 _aBR-CuiBMT
_cBR-CuiBMT
080 _a364.6-056.262:342.531
_22007
090 _dBraile
_a364.6-056.262:342.531
_bB823p
110 1 _aBrasil.
_bCongresso Nacional.
_cSenado Federal.
245 1 0 _aPolítica de acessibilidade do Senado Federal :
_bato da comissão diretora nº 15, de 2013 /
_cSenado Federal .
_h[braile]
260 _aBrasília :
_bSEEP ,
_c2013.
300 _a7 p., [14] f. em braile
_c28 cm
500 _aTranscrição em Braile do texto publicado no Boletim Administrativo do Senado Federal, Seção II, no 5252, de 26 de junho de 2013.
650 _aAcessibilidade
650 _aSenado Federal
_xRegimento
_zBrasil
942 _2udc
_cLV
999 _c1540
_d1540